[Event "IECG QF.2002.0.00015"]
[Site "IECG email"]
[Date "2002.03.26"]
[Round "?"]
[White "Schoenbach, Patrick"]
[Black "Vashenko, Viktor"]
[Result "1-0"]
[WhiteElo "1000"]
[BlackElo "1000"]
[PlyCount "47"]
[EventDate "2002.03.26"]
[EventType "tourn (corr)"]
[EventRounds "6"]
[SourceTitle "Corr 2008"]
[Source "ChessBase"]
[SourceDate "2008.06.24"]
[SourceVersion "1"]
[SourceVersionDate "2008.06.24"]
[SourceQuality "1"]

1. e4 e5 2. Nf3 f6 3. d4 d6 4. d5 Ne7 5. Nc3 c6 6. Bc4 b5 7. Bb3 b4 8. Ne2 Bb7 9. c4 bxc3 10. Nxc3 Na6 11. 0-0 Ng6 12. Be3 cxd5 13. Bxd5 Bxd5 14. Nxd5 Nc7 15. Qa4+ Kf7 16. Nxc7 Qxc7 17. Qb3+ Ke7 18. Rac1 Qd7 19. Rfd1 Nf4 20. Bxf4 exf4 21. e5 fxe5 22. Nxe5 g6 23. Qf7+ Kd8 24. Qxd7# 1-0